| 000 | 00814cab a2200277 4500 | ||
|---|---|---|---|
| 001 | ABS57711 | ||
| 008 | 090401t1997 xxu||||| |||| 00| 0 eng d | ||
| 035 | _a(Sirsi) u81352 | ||
| 041 | _aeng | ||
| 100 | _aBayley, E. | ||
| 245 | _aOutside inside with virtual daylight | ||
| 260 | _c1997 | ||
| 350 | _a0 | ||
| 490 |
_aAccountancy _v120(1250) October 1997, 65-66(2) |
||
| 520 | _aExplains that by changing to a new lighting technology which reproduces daylight, called the Virtual Daylight system, the office environment can be transformed and sick days reduced. | ||
| 650 | _aDAYLIGHT | ||
| 650 | _aEYES | ||
| 650 | _aHEALTH | ||
| 650 | _aLIGHTING | ||
| 650 | _aOFFICES | ||
| 650 | _aSICKNESS | ||
| 650 | _aTECHNOLOGY | ||
| 690 |
_aBlock management _96220 |
||
| 942 | _n0 | ||
| 948 | _c08/10/1997 | ||
| 999 |
_c51259 _d51259 |
||